Learning Resource and Development

Probability : (Record no. 28479)

MARC details
000 -LEADER
fixed length control field 02970cam a22004218i 4500
001 - CONTROL NUMBER
control field 21909543
003 - CONTROL NUMBER IDENTIFIER
control field CSPC
005 - DATE AND TIME OF LATEST TRANSACTION
control field 20241120134235.0
008 - FIXED-LENGTH DATA ELEMENTS--GENERAL INFORMATION
fixed length control field 210219s2021 nju b 001 0 eng
010 ## - LIBRARY OF CONGRESS CONTROL NUMBER
LC control number 2021007900
020 ## - INTERNATIONAL STANDARD BOOK NUMBER
International Standard Book Number 9781119692386
Qualifying information (cloth)
020 ## - INTERNATIONAL STANDARD BOOK NUMBER
Canceled/invalid ISBN 9781119692348
Qualifying information (adobe pdf)
020 ## - INTERNATIONAL STANDARD BOOK NUMBER
Canceled/invalid ISBN 9781119692416
Qualifying information (epub)
040 ## - CATALOGING SOURCE
Original cataloging agency DLC
Language of cataloging eng
Description conventions rda
Transcribing agency DLC
Modifying agency CSPC
042 ## - AUTHENTICATION CODE
Authentication code pcc
050 00 - LIBRARY OF CONGRESS CALL NUMBER
Classification number QA276.45.R3
Item number D63 2021
082 00 - DEWEY DECIMAL CLASSIFICATION NUMBER
Classification number 519.202855133
Edition number 23
Item number W121p
100 1# - MAIN ENTRY--PERSONAL NAME
Personal name Wagaman, Amy Shepherd,
Dates associated with a name 1982-
Relator term author.
245 10 - TITLE STATEMENT
Title Probability :
Remainder of title with applications and R /
Statement of responsibility, etc. Amy S. Wagaman and Robert P. Dobrow.
250 ## - EDITION STATEMENT
Edition statement Second edition.
263 ## - PROJECTED PUBLICATION DATE
Projected publication date 2106
264 #1 - PRODUCTION, PUBLICATION, DISTRIBUTION, MANUFACTURE, AND COPYRIGHT NOTICE
Place of production, publication, distribution, manufacture Hoboken, New Jersey :
Name of producer, publisher, distributor, manufacturer John Wiley & Sons, Inc.,
Date of production, publication, distribution, manufacture, or copyright notice 2021.
300 ## - PHYSICAL DESCRIPTION
Extent xxiii, 520 pages :
Other physical details illustrations ;
Dimensions 24 cm.
336 ## - CONTENT TYPE
Content type term text
Content type code txt
Source rdacontent
337 ## - MEDIA TYPE
Media type term unmediated
Media type code n
Source rdamedia
338 ## - CARRIER TYPE
Carrier type term volume
Carrier type code nc
Source rdacarrier
504 ## - BIBLIOGRAPHY, ETC. NOTE
Bibliography, etc. note Includes bibliographical references and index.
505 0# - FORMATTED CONTENTS NOTE
Formatted contents note First principles -- Conditional probability and independence -- Introduction to discrete random variables -- Expectation and more with discrete random variables -- More discrete distributions and their relationships -- Continuous probability -- Continuous distributions -- Densities of functions of random variables -- Conditional distribution, expectation, and variance -- Limits -- Beyond random walks and markov chains.
520 ## - SUMMARY, ETC.
Summary, etc. "This book is ideal for courses on Probability typically taught in Mathematics and/or Statistics departments but could also be used in Engineering or Data Science departments. This book could also serve as a supplemental or review text for courses on Stochastic Processes or Markov Chains or Brownian Motion, since those require a strong foundation in probability. The text is also preparatory for the Probability Actuarial Exam -- students who successfully complete a course with this text and do well are well-positioned to pass the P exam. Some major features of the new edition include an addition of supplemental materials for coding and simulation, improved exposition and examples for some topics, and addressing issues with errata. These features increase the value of the text especially in an era where developing computing skills has become a staple of statistical practice, and desirable for many other fields as well"--
Assigning source Provided by publisher.
650 #0 - SUBJECT ADDED ENTRY--TOPICAL TERM
Topical term or geographic name entry element Probabilities
General subdivision Data processing.
650 #0 - SUBJECT ADDED ENTRY--TOPICAL TERM
Topical term or geographic name entry element R (Computer program language).
700 1# - ADDED ENTRY--PERSONAL NAME
Personal name Dobrow, Robert P.,
Relator term author.
776 08 - ADDITIONAL PHYSICAL FORM ENTRY
Relationship information Online version:
Main entry heading Wagaman, Amy Shepherd, 1982-
Title Probability
Edition Second edition.
Place, publisher, and date of publication Hoboken : Wiley, 2021.
International Standard Book Number 9781119692348
Record control number (DLC) 2021007901
906 ## - LOCAL DATA ELEMENT F, LDF (RLIN)
a 7
b cbc
c orignew
d 1
e ecip
f 20
g y-gencatlg
942 ## - ADDED ENTRY ELEMENTS (KOHA)
Source of classification or shelving scheme Dewey Decimal Classification
Koha item type Books
Edition 23
Classification part 519.202855133
Item part W121p
Call number prefix ENG
Call number suffix 2021
Suppress in OPAC No
Holdings
Withdrawn status Lost status Source of classification or shelving scheme Damaged status Not for loan Home library Current library Shelving location Date acquired Total Checkouts Full call number Barcode Date last seen Copy number Price effective from Koha item type
    Dewey Decimal Classification     Main Library Main Library Engineering Section 11/19/2024   ENG 519.202855133 W121p 2021 028444 11/19/2024 1-1 11/19/2024 Books